000 00537nam a22001935i 4500
001 53269
003 ES-MaACL
005 20250822063120.0
007 t|
008 950912s1894 fr ||||1| fre d
040 _aCAM
_bspa
_cCAM
100 1 _aDurand, Joseph-Pierre,
_d1826-1900
_946252
245 1 3 _aLe merveilleux scientifique /
_cpar J.P. Durand.
260 _aParis :
_bFélix Alcan,
_c1894.
300 _a[4], 344 p. ;
_c24 cm.
650 0 7 _aPsicología
_2embne
_916540
852 _aES-MaACL
_jG-11017
999 _c53269
_d53269